[Event "Mondariz Balneario IM"]
[Site "Mondariz"]
[Date "2016.12.21"]
[Round "7"]
[White "Gonzalez Trigal, Jose Luis"]
[Black "Galego, Luis"]
[Result "1/2-1/2"]
[WhiteElo "2338"]
[BlackElo "2484"]
[PlyCount "93"]
[EventDate "2016.12.17"]
[EventType "tourn"]
[EventRounds "9"]
[EventCountry "ESP"]
[EventCategory "3"]
[SourceTitle "CBM 176 Extra"]
[Source "ChessBase"]
[SourceDate "2017.03.02"]
[SourceVersion "1"]
[SourceVersionDate "2017.03.02"]
[SourceQuality "1"]

1. d4 Nf6 2. c4 e6 3. Nc3 Bb4 4. Qc2 c5 5. dxc5 Bxc5 6. Nf3 Nc6 7. e3 0-0 8. a3 d5 9. b4 Be7 10. Bb2 dxc4 11. Bxc4 a6 12. 0-0 Qc7 13. Ba2 Bd7 14. Rac1 Rac8 15. Rfd1 Ne5 16. Nxe5 Qxe5 17. Qe2 Qg5 18. Qf3 Bc6 19. Qg3 Qxg3 20. hxg3 h5 21. Ne2 Ba4 22. Rxc8 Rxc8 23. Rc1 Rxc1+ 24. Nxc1 Ne4 25. Nb3 Bf6 26. Bxf6 Bxb3 27. Bxb3 Nxf6 28. f3 Kf8 29. e4 Ke7 30. Kf2 Kd6 31. Ke3 Nd7 32. Kd4 g5 33. Ba4 b5 34. Bb3 Ne5 35. f4 Nc6+ 36. Ke3 a5 37. e5+ Kc7 38. bxa5 Nxa5 39. Ba2 gxf4+ 40. gxf4 Nc6 41. Ke4 Ne7 42. Bb3 h4 43. Bd1 Nd5 44. Bb3 Ne7 45. Bd1 Nd5 46. Bb3 Ne7 47. Bd1 1/2-1/2

[Event "Mondariz Balneario IM"]
[Site "Mondariz"]
[Date "2016.12.21"]
[Round "6"]
[White "Rodriguez Lopez, Rafael"]
[Black "Gonzalez Trigal, Jose Luis"]
[Result "1/2-1/2"]
[WhiteElo "2256"]
[BlackElo "2338"]
[PlyCount "138"]
[EventDate "2016.12.17"]
[EventType "tourn"]
[EventRounds "9"]
[EventCountry "ESP"]
[EventCategory "3"]
[SourceTitle "CBM 176 Extra"]
[Source "ChessBase"]
[SourceDate "2017.03.02"]
[SourceVersion "1"]
[SourceVersionDate "2017.03.02"]
[SourceQuality "1"]

1. e4 c5 2. Nf3 d6 3. d4 cxd4 4. Nxd4 Nf6 5. Nc3 g6 6. Be2 Bg7 7. 0-0 0-0 8. Bg5 Nc6 9. Nb3 Be6 10. Re1 Rc8 11. Bf1 Nd7 12. Rb1 Nb6 13. Nd5 Re8 14. c3 Ne5 15. h3 Nec4 16. Nf4 Bd7 17. Nd3 a5 18. Nd4 a4 19. Nb4 Rc5 20. Bh4 Qc8 21. Qe2 a3 22. Nd3 Rc7 23. bxa3 Na4 24. Rb3 Na5 25. Rb4 Nxc3 26. Qd2 Nc6 27. Nxc6 Bxc6 28. e5 Nd5 29. exd6 exd6 30. Rxe8+ Qxe8 31. Rb1 Qa8 32. Nb4 Nc3 33. Re1 d5 34. Nxc6 bxc6 35. Qf4 Ra7 36. Bd3 Ra4 37. Qg5 h6 38. Qe7 Bf8 39. Qf6 Ne4 40. Bxe4 Rxe4 41. Rxe4 dxe4 42. Bg3 Bg7 43. Qe7 Bf8 44. Qxe4 Qxa3 45. Qc4 Qb4 46. Qxb4 Bxb4 47. Kf1 Kf8 48. Ke2 Ke7 49. Kd3 Kd7 50. Bf4 h5 51. Kc4 Be7 52. f3 Kc8 53. Be3 Kb7 54. Bc5 Bh4 55. g4 hxg4 56. hxg4 f5 57. gxf5 gxf5 58. Bd6 Bf2 59. Be5 Be3 60. Kd3 Bg5 61. Bd4 Ka6 62. Be3 Bf6 63. Kc4 Kb7 64. Kc5 Be7+ 65. Kd4 Bf6+ 66. Kc4 Be7 67. Bc5 Bh4 68. Kd3 Ka6 69. Kc4 Kb7 1/2-1/2

[Event "Mondariz IM"]
[Site "Mondariz"]
[Date "2016.08.29"]
[Round "8"]
[White "Rey Malde, Henrique"]
[Black "Gonzalez Trigal, Jose Luis"]
[Result "0-1"]
[WhiteElo "2114"]
[BlackElo "2316"]
[PlyCount "82"]
[EventDate "2016.08.25"]
[EventType "tourn"]
[EventRounds "9"]
[EventCountry "ESP"]
[EventCategory "1"]
[SourceTitle "CBM 174 Extra"]
[Source "ChessBase"]
[SourceDate "2016.10.10"]
[SourceVersion "1"]
[SourceVersionDate "2016.10.10"]
[SourceQuality "1"]

1. e4 c6 2. d4 d5 3. e5 Bf5 4. Nf3 e6 5. Be2 Ne7 6. 0-0 h6 7. Nbd2 Nd7 8. Nb3 g5 9. a4 a5 10. Ne1 Qc7 11. Bd2 Bg7 12. Rc1 Bg6 13. Nd3 b6 14. f4 g4 15. Bxg4 c5 16. dxc5 bxc5 17. Nf2 Nb6 18. Nxa5 Nxa4 19. b3 Nb6 20. c4 0-0 21. Qe1 Nf5 22. Bxf5 Bxf5 23. b4 Rxa5 24. bxa5 Nxc4 25. Nd1 Nxd2 26. Qxd2 Ra8 27. Ra1 c4 28. Ne3 Be4 29. Kh1 Qc5 30. Rfc1 Qb5 31. Nc2 Bf8 32. Nd4 Qa6 33. Rc3 Bd3 34. Rxd3 cxd3 35. Rd1 Qxa5 36. Qxd3 Qa3 37. Qe2 Qc3 38. Qg4+ Kh8 39. f5 exf5 40. Nxf5 Qxe5 41. Qh5 Ra1 0-1

[Event "Mondariz IM"]
[Site "Mondariz"]
[Date "2016.08.26"]
[Round "2"]
[White "Gonzalez Trigal, Jose Luis"]
[Black "Alonso Bouza, Julio Javier"]
[Result "1-0"]
[WhiteElo "2316"]
[BlackElo "2334"]
[PlyCount "149"]
[EventDate "2016.08.25"]
[EventType "tourn"]
[EventRounds "9"]
[EventCountry "ESP"]
[EventCategory "1"]
[SourceTitle "CBM 174 Extra"]
[Source "ChessBase"]
[SourceDate "2016.10.10"]
[SourceVersion "1"]
[SourceVersionDate "2016.10.10"]
[SourceQuality "1"]

1. d4 Nf6 2. c4 g6 3. Nc3 Bg7 4. Nf3 0-0 5. g3 d6 6. Bg2 Nc6 7. 0-0 a6 8. Qd3 Nd7 9. e4 Rb8 10. Be3 b5 11. cxb5 axb5 12. Rac1 Na5 13. d5 Nc4 14. Bd4 Nde5 15. Nxe5 dxe5 16. Bc5 Nxb2 17. Qc2 Na4 18. Nxa4 bxa4 19. Qxa4 Bd7 20. Qa3 Ra8 21. Qb4 Rb8 22. Qc3 Bb5 23. Rfd1 Qd7 24. Rb1 Bf6 25. Rd2 Ra8 26. Rdb2 c6 27. Rd2 cxd5 28. Rxd5 Qc6 29. Qb4 Be2 30. a3 Rfc8 31. Bxe7 Bxe7 32. Qxe7 Qc1+ 33. Rxc1 Rxc1+ 34. Bf1 Bxf1 35. Rd8+ Rxd8 36. Qxd8+ Kg7 37. f3 Bc4+ 38. Kf2 Rc2+ 39. Ke1 Re2+ 40. Kd1 Rxh2 41. Qe7 Be2+ 42. Kc1 Bxf3 43. Qxe5+ Kg8 44. Qf4 Be2 45. Kd2 h5 46. Kc3 Bg4 47. a4 Ra2 48. Kb4 Rb2+ 49. Ka3 Rb6 50. a5 Re6 51. Kb4 Be2 52. Kc5 Ba6 53. e5 Kg7 54. Kd4 Bb7 55. Qc1 Ba6 56. Qc7 Bf1 57. Kc5 Be2 58. Qd6 Ba6 59. Kb6 Be2 60. a6 Bxa6 61. Kxa6 g5 62. Kb7 h4 63. gxh4 gxh4 64. Qd4 h3 65. Qg4+ Rg6 66. Qxh3 Re6 67. Qf5 Rh6 68. Kc7 Ra6 69. Qe4 Rh6 70. Kd7 Ra6 71. Qd5 Ra3 72. Ke8 Ra7 73. Qg2+ Kh7 74. Qh2+ Kg6 75. Qg1+ 1-0

[Event "Mondariz IM"]
[Site "Mondariz"]
[Date "2016.08.26"]
[Round "3"]
[White "Oratovsky, Michael"]
[Black "Gonzalez Trigal, Jose Luis"]
[Result "1/2-1/2"]
[WhiteElo "2479"]
[BlackElo "2316"]
[PlyCount "56"]
[EventDate "2016.08.25"]
[EventType "tourn"]
[EventRounds "9"]
[EventCountry "ESP"]
[EventCategory "1"]
[SourceTitle "CBM 174 Extra"]
[Source "ChessBase"]
[SourceDate "2016.10.10"]
[SourceVersion "1"]
[SourceVersionDate "2016.10.10"]
[SourceQuality "1"]

1. e4 c5 2. Nf3 d6 3. Bb5+ Nd7 4. 0-0 a6 5. Bd3 Ngf6 6. c3 b5 7. Bc2 Bb7 8. Re1 c4 9. b4 e6 10. a4 Be7 11. Na3 0-0 12. axb5 axb5 13. d3 Nb6 14. Bg5 cxd3 15. Qxd3 Nc4 16. Nxb5 Rxa1 17. Rxa1 Bxe4 18. Qxc4 Bxc2 19. Nfd4 Be4 20. Nxe6 d5 21. Qxe4 Nxe4 22. Nxd8 Bxg5 23. Nc6 Bf6 24. Rd1 Rc8 25. Nba7 Re8 26. Nb5 Rc8 27. Nba7 Re8 28. Nb5 Rc8 1/2-1/2